Spoločná poľnohospodárska politika Európskej únie
Spoločná poľnohospodárska politika EÚ a jej prispôsobenie sa dnešným podmienkam. Ciele spoločnej poľnohospodárskej politiky EÚ. Reforma spoločnej poľnohospodárskej politiky EÚ v r. 1992. Problém vstupu postsocialistických krajín do EÚ v oblasti poľnohospodárskej politiky. Štruktúrna a ekonomická rôz...
Enregistré dans:
| Auteur principal: | |
|---|---|
| Format: | Chapitre de livre |
| Langue: | slovaque |
| Sujets: | |
| Tags: |
Pas de tags, Soyez le premier à ajouter un tag!
|
MARC
| LEADER | 00000naa a2200000 4500 | ||
|---|---|---|---|
| 001 | r021948 | ||
| 005 | 20230825100149.0 | ||
| 041 | 0 | |a slo | |
| 044 | |a SK | ||
| 245 | 1 | 0 | |a Spoločná poľnohospodárska politika Európskej únie |c Drahoš Šíbl |
| 520 | |a Spoločná poľnohospodárska politika EÚ a jej prispôsobenie sa dnešným podmienkam. Ciele spoločnej poľnohospodárskej politiky EÚ. Reforma spoločnej poľnohospodárskej politiky EÚ v r. 1992. Problém vstupu postsocialistických krajín do EÚ v oblasti poľnohospodárskej politiky. Štruktúrna a ekonomická rôznorodosť poľnohospodárskych sektorov krajín strednej a východnej Európy. | ||
| 610 | 2 | 0 | |a politika hospodárska medzinárodná |
| 610 | 2 | 0 | |a politika poľnohospodárska |
| 610 | 2 | 0 | |a Európska únia |
| 610 | 2 | 0 | |a ECU |
| 610 | 2 | 0 | |a Všeobecná dohoda o clách a obchode |
| 610 | 2 | 0 | |a CEFTA |
| 610 | 2 | 0 | |a Svetová obchodná organizácia |
| 610 | 2 | 0 | |a SVE |
| 100 | 1 | |a Šíbl, Drahoš | |